| 000 | 00996nam a2200265 4500 | ||
|---|---|---|---|
| 003 | OSt | ||
| 005 | 20240702030207.0 | ||
| 006 | a | ||
| 008 | 240702b |||||||| |||| 00| 0 eng d | ||
| 020 | _a9781591588917 | ||
| 040 |
_aDWCL-Main lib. _cOC |
||
| 082 |
_2Second edition _aRes. 025.197 C953d 2011 |
||
| 100 | _aCrowley, John D. | ||
| 245 | _aDeveloping a vision : Strategic planning for the school librarian in the 21st century / | ||
| 250 | _aSecond edition | ||
| 260 |
_aCalifornia : _bLibraries Unlimited, _cc2011. |
||
| 300 |
_axi, _b162 p. ; _c23 cm. |
||
| 490 | _3Libraries Unlimited professional guides in school librarianship | ||
| 504 | _aIncludes bibliographical references & index. | ||
| 650 | _a1. School libraries-United States-Planning | ||
| 650 | _a2. Instructional materials centers-united States Planning. | ||
| 650 | _a3. High school libraries-United States-case studies. | ||
| 650 | _a4. Strategic planning. | ||
| 942 |
_2ddc _n0 _cBK-0 CIRC _eSecond edition _kRes. |
||
| 999 |
_c1772 _d1772 |
||